000 01244cam a2200313 4500
001 2619
005 20230410103902.0
008 060907s1976 nyu eng
020 _a0688030769
035 _9funglode2629
041 _aeng
050 1 4 _a416 DS 126.6
_bD275 1976
082 0 0 _a956.94/05/0924
100 1 _aDayan, Moshe,
_d1915-1981.
245 1 0 _aMoshe Dayan :
_bstory of my life /
_cMoshe Dayan
260 _aNew York :
_bWilliam Morrow and Company,
_c1976
300 _a640 p.
520 _aUnderground to freedom (1915-1948), 21. -- Independence (1948-1952), 87. -- Chief of staff (1953-1957), 171. -- From minister to private citizen (1958-1967), 263. -- The six day war (1967), 287. -- Open bridges (1967-1973), 385. -- The yom kippur war (1973), 459. -- Aftermath (1973-1975), 543
600 1 4 _aDayan, Moshe,
_d1915-1981
650 4 _aPresidentes
_zIsrael
_vBiografĂ­as
650 4 _aGenerales
_zIsrael
_vBiografĂ­as
240 1 0 _aStory of my life
245 0 0 _aMoshe Dayan :
_bstory of my life /
_cby Moshe Dayan.
600 1 0 _aDayan, Moshe,
_d1915-1981.
650 0 _aStatesmen
_zIsrael
_xBiography.
650 0 _aGenerals
_zIsrael
_xBiography.
651 0 _aIsrael
_xArmed Forces
_xBiography.
942 _2lcc
_cbk
999 _c27753
_d27753